书目信息 |
| 题名: |
标点符号的用法
|
|
| 作者: | 马兴业 著 | |
| 分册: | ||
| 出版信息: | 呼和浩特 内蒙古人民出版社 1979.11 |
|
| 页数: | 109页 | |
| 开本: | 19cm | |
| 丛书名: | ||
| 单 册: | ||
| 中图分类: | H055 | |
| 科图分类: | ||
| 主题词: | 写作学 , 修辞学 | |
| 电子资源: | ||
| ISBN: | ||
| 000 | 00577nam0 2200217 45 | |
| 001 | 0303190860 | |
| 005 | 20040423101219.6 | |
| 010 | @dCNY0.29 | |
| 091 | @a7089.111 | |
| 100 | @a20030319d1979 km y0chiy0120 ea | |
| 101 | 0 | @achi |
| 105 | @a z 000yy | |
| 200 | 1 | @a标点符号的用法@ABiao Dian Fu Hao De Yong Fa@f马兴业著@FMa Xing Ye Zhu |
| 210 | @a呼和浩特@c内蒙古人民出版社@d1979.11 | |
| 215 | @a109页@d19cm | |
| 606 | 0 | @a写作学 |
| 606 | 0 | @a修辞学 |
| 690 | @aH055@v3 | |
| 701 | 0 | @a马兴业@4著 |
| 801 | @aCN@bTSTC@c20030319 | |
| 905 | @dH055@e23@f6@b31439-444@b31437@f1 | |
| 标点符号的用法/马兴业著.-呼和浩特:内蒙古人民出版社,1979.11 |
| 109页;19cm |
| ISBN :CNY0.29 |
| ● |
| 相关链接 |
|
|
|
|
正题名:标点符号的用法
索取号:H055/23
 
预约/预借
| 序号 | 登录号 | 条形码 | 馆藏地/架位号 | 状态 | 备注 |
| 1 | 0031437 | 000821873 | 第四借阅区/ [索取号:H055/23] | 在馆 | |
| 2 | 0031438 | 001768475 | 密集书库/ [索取号:H055/23] | 在馆 | |
| 3 | 0031439 | 000821891 | 第二样本阅览室/ [索取号:H055/23] | 在馆 | |
| 4 | 0031440 | 000821855 | 第四借阅区/ [索取号:H055/23] | 在馆 | |
| 5 | 0031441 | 000821882 | 第四借阅区/ [索取号:H055/23] | 在馆 | |
| 6 | 0031442 | 000821908 | 第四借阅区/ [索取号:H055/23] | 在馆 | |
| 7 | 0031443 | 000821917 | 第四借阅区/ [索取号:H055/23] | 在馆 | |
| 8 | 0031444 | 000821864 | 第四借阅区/ [索取号:H055/23] | 在馆 | |
| 9 | 0031445 | 001894622 | 密集书库/ [索取号:H055/23] | 在馆 |